Statistiques concernant Marques de voitures de sport #1

Cliquez ici pour prendre le quiz!

Statistiques générales

  • Ce quiz a été pris 1 390 fois
  • Le résultat moyen est 10 sur 16

Statistiques - réponses

Réponse% Correct
BMW
99%
Ferrari
99%
Lamborghini
99%
Mercedes
99%
Audi
95%
Bentley
86%
Aston Martin
82%
Corvette
75%
Jaguar
70%
Lotus
66%
Maserati
64%
Shelby
51%
Ultima
10%
Mosler
9%
Marussia
8%
Spania GTA
2%

Distribution des résultats

Percentile par nombre de réponses

% des personnes avec chaque résultat

Votre développement - résultats

Vous n’avez pas pris ce quiz